O livro das sopas / (Record no. 1006)

MARC details
000 -LÍDER
campo de controle de tamanho fixo 00849nam a22002057a 4500
003 - IDENTIFICADOR DO NÚMERO DE CONTROLE
campo de controle OSt
005 - DATA E HORÁRIO DA ÚLTIMA TRANSAÇÃO
campo de controle 20251119153859.0
008 - CAMPO DE DADOS FIXOS--INFORMAÇÃO GERAL
campo de controle de tamanho fixo 251119b |||||||| |||| 00| 0 eng d
040 ## - FONTE DA CATALOGAÇÃO
Instituição que transcreveu o registro Nolita
041 ## - CÓDIGO DE IDIOMA
Código do idioma do texto/trilha sonora ou título diferente Português
100 1# - ENTRADA PRINCIPAL--NOME PESSOAL
Nome pessoal Nucci, Celso,
Datas associadas ao nome 1945-
9 (RLIN) 1651
245 ## - TÍTULO
Título O livro das sopas /
Indicação de responsabilidade, etc. Celso Nucci
260 ## - PUBLICAÇÃO, DISTRIBUIÇÃO, ETC.
Local de publicação, distribuição, etc. São Paulo :
Nome do editor, distribuidor, etc. Círculo do Livro,
Data da publicação, distribuição, etc. c1989
300 ## - DESCRIÇÃO FÍSICA
Extensão 150 p. :
Outros detalhes físicos il. ;
Dimensões 21 cm
520 ## - NOTA DE RESUMO, ETC.
Resumo, etc. Reunião de receitas de sopas de diferentes tradições culinárias, abrangendo preparos simples, clássicos e regionais. A obra apresenta orientações gerais de preparo, combinações de ingredientes e sugestões práticas para o dia a dia, oferecendo variedade de opções quentes e frias para diferentes ocasiões.
650 #0 - ASSUNTO--TERMO TÓPICO
Cabeçalho tópico ou nome geográfico Gastronomia
9 (RLIN) 7
650 #0 - ASSUNTO--TERMO TÓPICO
Cabeçalho tópico ou nome geográfico Culinária
Subdivisão geral Sopas
9 (RLIN) 209
650 #0 - ASSUNTO--TERMO TÓPICO
Cabeçalho tópico ou nome geográfico Receitas
9 (RLIN) 12
942 ## - ELEMENTOS DE ENTRADA ADICIONADOS (KOHA)
Fonte de classificação ou esquema de arquivamento Classificação decimal de Dewey
Tipo de material Koha Livros
Ocultar no OPAC Não
Holdings
Situação do descarte Situação das perdas Fonte de classificação ou esquema de arquivamento Status danificado Não pode ser emprestado Coleção Biblioteca de origem Biblioteca atual Data de aquisição Total de empréstimos Número de chamada completo Código de barras Data de último acesso Data do preço efetivo Tipo de material Koha
    Classificação decimal de Dewey     Não ficção Nolita Roastery Nolita Roastery 11/19/2025   L1084 L1084 11/19/2025 11/19/2025 Livros